Vista normal Vista MARC

Entrada Personal Name

Número de registros utilizados en: 1

001 - CONTROL NUMBER

  • control field: 16763

003 - CONTROL NUMBER IDENTIFIER

  • control field: pelieoe

005 - DATE AND TIME OF LATEST TRANSACTION

  • control field: 20260410123953.0

008 - FIXED-LENGTH DATA ELEMENTS

  • fixed length control field: 260410|| aca||aabn | a|a d

040 ## - CATALOGING SOURCE

  • Original cataloging agency: pelieoe

100 1# - HEADING--PERSONAL NAME

  • Personal name: Soto Guevara, Martín

400 1# - SEE FROM TRACING--PERSONAL NAME

  • Personal name: Guevara, Martín Soto

670 ## - SOURCE DATA FOUND

  • Source citation: p. 9 ("Los autores son Martín Soto Guevara ...") p. 2 of cover (b. Ocoyo, Huaytaŕa [Peru]; studied Universidad Nacional San Luis Gonzaga de Ica; founded EPRODICA; has served various functions in Ica municipal government)

670 ## - SOURCE DATA FOUND

  • Source citation: Revolución ciudadana, 2022:
  • Information found: title page (Martín Soto Guevara)
Horario de salas de trabajo y ambiente de lectura: Lunes a Domingo 24 horas.
Préstamo de libros: Lunes a Viernes 8:30 - 16:00.